Trouvez les pays en C - Statistiques

Statistiques générales
  • Ce quiz a été pris 418 fois
  • Le résultat moyen est 12 sur 19
Statistiques - réponses
Réponse % Correct
Canada
89%
Chine
87%
Colombie
79%
Cameroun
76%
Croatie
73%
Corée du nord
70%
Corée du sud
70%
Rép. dém. du Congo
69%
Rép. du Congo
69%
Cambodge
67%
Chypre
67%
Chili
66%
Comores
56%
Cuba
55%
Costa rica
54%
Côte d'ivoire
48%
Cap vert
46%
Rép. Centrafricaine
21%
Iles Cook
1%
Aucun quiz correspondant
Distribution des résultats
% des personnes avec chaque résultat
Percentile par nombre de réponses
Votre historique - résultats
Vous n’avez pas pris ce quiz